| 000 | 00866cam a2200277 i 4500 | ||
|---|---|---|---|
| 001 | 272 | ||
| 003 | Mx-PuUPA | ||
| 005 | 20250630114149.0 | ||
| 008 | 140415s1992 njuad gr 000 0 eng d | ||
| 020 | _a0135446449 | ||
| 040 |
_aMx-PuUPA _bspa _cMx-PuUPA _dMx-PuUPA _erda |
||
| 041 | _aeng | ||
| 100 | 1 |
_aLilien, Gary L. _eautor |
|
| 245 | 1 | 0 |
_aMarketing models / _cGary L. Lilien, Philip Kotler, K. Sridhar Moorthy |
| 250 | _a2a ed. | ||
| 264 | 1 |
_aNew Jersey : _bPrentice-Hall, _c©1992 |
|
| 300 |
_axv, 803 páginas : _c24 cm |
||
| 336 |
_2rdacontent _atexto _btxt |
||
| 337 |
_2rdamedia _asin medio _bn |
||
| 338 |
_2rdacarrier _avolumen _bnc |
||
| 700 | 1 |
_aKotler, Philip, _eautor |
|
| 700 | 1 |
_aMoorthy, K. Sridhar, _eautor |
|
| 942 |
_2ddc _cLI _hxx _ixx |
||
| 999 |
_c272 _d272 |
||